Chanteurs francophones ayant fait partie d'un groupe - Mort Subite - Statistiques

Statistiques générales
  • Ce quiz a été pris 301 fois
  • Le résultat moyen est 8 sur 17
Answers on the Grid
Answers color-coded by a green-red scale on the quiz's grid according to % correct below.
Adé
Alain Souchon
Angele
Bernard Lavilliers
Calogero
Catherine Ringer
Clara Luciani
Dadju
Doc Gynéco
Eddy Mitchell
Etienne Daho
Gaetan Roussel
Gims
Jain
Jean-Louis Aubert
Jennifer
Jeremy Frerot
Joe Dassin
Julien Clerc
Julien Doré
Juliette Armanet
Lujipeka
Manu Chao
Matt Pokora
MC Solaar
Mylene Farmer
Orelsan
Pomme
Santa
Soprano
Stromae
Zaz
 
Statistiques - réponses
Réponse % Correct
Sexion D'assaut Gims
78%
Les Frero Delavega Jeremy Frerot
71%
Téléphone Jean-Louis Aubert
70%
Psy 4 de la rime Soprano
57%
Louise Attaque Gaetan Roussel
56%
Rita Mitsouko Catherine Ringer
55%
Linkup Matt Pokora
53%
Les Chaussettes Noires Eddy Mitchell
49%
Viva la Musica Dadju
47%
Therapie Taxi Adé
43%
Mano Negra Manu Chao
42%
Les Charts Calogero
41%
Casseurs Flowters Orelsan
41%
Ministère A.M.E.R Doc Gynéco
37%
Columbine Lujipeka
33%
Hyphen Hyphen Santa
27%
La Femme Clara Luciani
12%
Aucun quiz correspondant
Distribution des résultats
% des personnes avec chaque résultat
Percentile par nombre de réponses
Votre historique - résultats
Vous n’avez pas pris ce quiz